E Street shuffle : (Record no. 1)
[ view plain ]
| 000 -LEADER | |
|---|---|
| fixed length control field | 01344cam a22003014i 4500 |
| 001 - CONTROL NUMBER | |
| control field | 17446121 |
| 005 - DATE AND TIME OF LATEST TRANSACTION | |
| control field | 20200129130600.0 |
| 008 - FIXED-LENGTH DATA ELEMENTS--GENERAL INFORMATION | |
| fixed length control field | 120829t20132012nyu bk 001 0ceng |
| 010 ## - LIBRARY OF CONGRESS CONTROL NUMBER | |
| LC control number | 2012035454 |
| 020 ## - INTERNATIONAL STANDARD BOOK NUMBER | |
| International Standard Book Number | 9780670026623 (alk. paper) |
| 040 ## - CATALOGING SOURCE | |
| Original cataloging agency | DLC |
| Language of cataloging | eng |
| Transcribing agency | DLC |
| Description conventions | rda |
| Modifying agency | DLC |
| 042 ## - AUTHENTICATION CODE | |
| Authentication code | pcc |
| 043 ## - GEOGRAPHIC AREA CODE | |
| Geographic area code | n-us--- |
| 050 00 - LIBRARY OF CONGRESS CALL NUMBER | |
| Classification number | ML420.S77 |
| Item number | H28 2013 |
| 082 00 - DEWEY DECIMAL CLASSIFICATION NUMBER | |
| Classification number | 782.42166092 |
| -- | B |
| Edition information | 23 |
| 100 1# - MAIN ENTRY--PERSONAL NAME | |
| Personal name | Heylin, Clinton. |
| 9 (RLIN) | 1702 |
| 245 10 - TITLE STATEMENT | |
| Title | E Street shuffle : |
| Remainder of title | the glory days of Bruce Springsteen & the E Street Band / |
| Statement of responsibility, etc. | Clinton Heylin. |
| 250 ## - EDITION STATEMENT | |
| Edition statement | First American edition. |
| 300 ## - PHYSICAL DESCRIPTION | |
| Extent | 336 pages ; |
| Dimensions | 24 cm |
| 504 ## - BIBLIOGRAPHY, ETC. NOTE | |
| Bibliography, etc. note | Includes discography (pages 315-318), bibliographical references (pages 305-314) and index. |
| 505 0# - FORMATTED CONTENTS NOTE | |
| Formatted contents note | 1971-72 : songs about cars & girls -- Hammond's (other) folly -- 1974-75 : trading in wings for wheels -- 1975-77 : cashed in a few of my dreams -- 1977-78 : chasing something in the night -- 1978-79 : the ties that bind -- 1980-81 : take me to the river -- 1981-82 : reasons to believe -- 1982-84 : growin' up -- 1984-88 : none but the brave. |
| 600 10 - SUBJECT ADDED ENTRY--PERSONAL NAME | |
| Personal name | Springsteen, Bruce. |
| 9 (RLIN) | 1703 |
| 610 20 - SUBJECT ADDED ENTRY--CORPORATE NAME | |
| Corporate name or jurisdiction name as entry element | E Street Band. |
| 9 (RLIN) | 1704 |
| 650 #0 - SUBJECT ADDED ENTRY--TOPICAL TERM | |
| Topical term or geographic name entry element | Rock musicians |
| Geographic subdivision | United States |
| Form subdivision | Biography. |
| 9 (RLIN) | 1705 |
| 906 ## - LOCAL DATA ELEMENT F, LDF (RLIN) | |
| a | 7 |
| b | cbc |
| c | orignew |
| d | 1 |
| e | ecip |
| f | 20 |
| g | y-gencatlg |
| 942 ## - ADDED ENTRY ELEMENTS (KOHA) | |
| Source of classification or shelving scheme | Dewey Decimal Classification |
| Koha item type | Books |
| Withdrawn status | Lost status | Source of classification or shelving scheme | Damaged status | Not for loan | Home library | Current library | Shelving location | Date acquired | Barcode | Date last seen | Price effective from | Koha item type |
|---|---|---|---|---|---|---|---|---|---|---|---|---|
| Dewey Decimal Classification | Centerville | Centerville | General stacks | 05/07/2014 | 3999900000001 | 05/07/2014 | 05/07/2014 | Books |